[Event "Bayern-chI Bank Hofmann 26th"]
[Site "Tegernsee"]
[Date "2023.11.05"]
[Round "9"]
[White "Ciak, Rene"]
[Black "Weber, Ulrich"]
[Result "0-1"]
[WhiteElo "2096"]
[BlackElo "2349"]
[PlyCount "106"]
[EventDate "2023.10.28"]
[EventType "swiss"]
[EventRounds "9"]
[EventCountry "GER"]
[SourceTitle "Mega2024 Update 01"]
[Source "Chessbase"]
[SourceDate "2023.11.12"]
[SourceVersion "1"]
[SourceVersionDate "2023.11.12"]
[SourceQuality "1"]

1. d4 Nf6 2. c4 g6 3. Nc3 Bg7 4. e4 d6 5. Be2 0-0 6. Nf3 e5 7. 0-0 Nc6 8. d5 Ne7 9. Ne1 Nd7 10. Nd3 f5 11. Bd2 Nf6 12. f3 f4 13. c5 g5 14. Rc1 Ng6 15. Nb5 Rf7 16. Ba5 b6 17. cxd6 bxa5 18. dxc7 Qf8 19. Nc5 a6 20. Ne6 Qe7 21. Nxg5 axb5 22. d6 Qd7 23. a4 bxa4 24. Bc4 Nh8 25. Be6 Qe8 26. Bxc8 Rxc8 27. Qd3 Rd7 28. Rfd1 Nf7 29. Nxf7 Rxf7 30. Rc5 Qe6 31. Qa6 Rff8 32. Rxa5 Nd7 33. Rdd5 Nf6 34. d7 Qxa6 35. Rxa6 Nxd7 36. Rxd7 Bf6 37. Rxa4 Rf7 38. Rxf7 Kxf7 39. Rc4 Ke7 40. g3 Kd7 41. Kg2 Rxc7 42. Ra4 Ke6 43. Ra5 Rg7 44. Ra6+ Kf7 45. Kh3 h5 46. Ra5 Kg6 47. Rc5 Rb7 48. Rc6 Kg5 49. gxf4+ exf4 50. Rc5+ Kg6 51. e5 Be7 52. Rc6+ Kg5 53. Re6 h4 0-1

[Event "Vienna Ottakring 100 Years"]
[Site "Vienna"]
[Date "2023.09.01"]
[Round "7"]
[White "Ciak, Rene"]
[Black "Wagner, Leopold Franziskus"]
[Result "0-1"]
[WhiteElo "2105"]
[BlackElo "2253"]
[PlyCount "54"]
[EventDate "2023.08.26"]
[EventType "swiss"]
[EventRounds "9"]
[EventCountry "AUT"]
[SourceTitle "EXT 2024"]
[Source "ChessBase"]
[SourceDate "2023.10.10"]
[SourceVersion "1"]
[SourceVersionDate "2023.10.10"]
[SourceQuality "1"]

1. d4 Nf6 2. c4 e6 3. Nc3 Bb4 4. Qc2 0-0 5. a3 Bxc3+ 6. Qxc3 b6 7. Bg5 Bb7 8. f3 h6 9. Bh4 d5 10. e3 Nbd7 11. Nh3 Rc8 12. cxd5 exd5 13. Bb5 c6 14. Ba4 Ba6 15. b4 Ne4 16. fxe4 Qxh4+ 17. Nf2 dxe4 18. Rc1 Nf6 19. Qd2 Qg5 20. Nh3 Qd5 21. Rc3 Qd6 22. Rc1 Rfd8 23. Nf4 c5 24. b5 Bb7 25. Rc4 g5 26. Ne2 Ng4 27. g3 Ne5 0-1

[Event "Bayern-chI Bank Hofmann 22nd"]
[Site "Tegernsee"]
[Date "2018.11.04"]
[Round "9"]
[White "Schneider, Jana"]
[Black "Ciak, Rene"]
[Result "1-0"]
[WhiteElo "2174"]
[BlackElo "2010"]
[PlyCount "55"]
[EventDate "2018.10.27"]
[EventType "swiss"]
[EventRounds "9"]
[EventCountry "GER"]
[SourceTitle "CBM 187 Extra"]
[Source "ChessBase"]
[SourceDate "2018.11.04"]
[SourceVersion "1"]
[SourceVersionDate "2018.11.04"]
[SourceQuality "1"]

1. e4 c5 2. Nf3 Nc6 3. d4 cxd4 4. Nxd4 Qb6 5. Nb3 Nf6 6. Nc3 e6 7. Be3 Qc7 8. f4 d6 9. Be2 a6 10. a4 b6 11. 0-0 Be7 12. Bf3 Bb7 13. Qe2 0-0 14. Rad1 Rac8 15. Nd4 Nd7 16. Nxc6 Qxc6 17. e5 d5 18. Kh1 Bb4 19. Bd4 Rfe8 20. f5 Bf8 21. f6 g6 22. h4 Qc4 23. Qe3 Qb4 24. h5 Rc4 25. hxg6 hxg6 26. Be2 Qxb2 27. Bxc4 dxc4 28. Qh3 1-0

[Event "Dresden ZMDI Blitz"]
[Site "Dresden"]
[Date "2011.08.10"]
[Round "5"]
[White "Gungl, Theo"]
[Black "Ciak, Rene"]
[Result "1-0"]
[WhiteElo "1736"]
[BlackElo "1983"]
[PlyCount "29"]
[EventDate "2011.08.06"]
[EventType "swiss (blitz)"]
[EventRounds "9"]
[EventCountry "GER"]
[SourceTitle "EXT 2022"]
[Source "ChessBase"]
[SourceDate "2021.10.06"]
[SourceVersion "1"]
[SourceVersionDate "2021.10.06"]
[SourceQuality "1"]

1. e4 c5 2. Nf3 e6 3. d4 cxd4 4. Nxd4 Nf6 5. Nc3 d6 6. Bg5 a6 7. f4 Nbd7 8. Qf3 Qc7 9. 0-0-0 b5 10. Bd3 Bb7 11. Rhe1 Rc8 12. Kb1 b4 13. Nd5 Nxd5 14. exd5 Bxd5 15. Qxd5 1-0

[Event "Dresden ZMDI Blitz"]
[Site "Dresden"]
[Date "2011.08.09"]
[Round "4"]
[White "Ciak, Rene"]
[Black "Eilers, Jochen"]
[Result "0-1"]
[WhiteElo "1983"]
[BlackElo "2001"]
[PlyCount "34"]
[EventDate "2011.08.06"]
[EventType "swiss (blitz)"]
[EventRounds "9"]
[EventCountry "GER"]
[SourceTitle "EXT 2022"]
[Source "ChessBase"]
[SourceDate "2021.10.06"]
[SourceVersion "1"]
[SourceVersionDate "2021.10.06"]
[SourceQuality "1"]

1. e4 c5 2. Nf3 d6 3. d4 cxd4 4. Nxd4 Nf6 5. Nc3 a6 6. Be2 e5 7. Nf3 Be7 8. 0-0 h6 9. Re1 Be6 10. Bf1 Nbd7 11. g3 0-0 12. Nh4 b5 13. a3 Nb6 14. Bg2 Rc8 15. Nf5 Bxf5 16. exf5 Qc7 17. g4 Rfd8 0-1